Personajes Lqsa Temporadas 1-7 - Estadísticas

Estadísticas generales
  • Esta prueba ha sido intentada 25 veces
  • La puntuación promedio es 23 de 26
Estadísticas de respuestas
Pista Respuesta % Correcto
Capitán salami Amador
100%
El pescadero cabrón Antonio
100%
Papuchi Enrique
100%
El jardinero Coque
96%
Fernando Esteso le chupó un pezón Estela
96%
El espetero playero Fermin
96%
El pelocho Javier
96%
La guarrilla pelirroja Judith
96%
El friki Leo
96%
La chihuahua Lola
96%
La cuqui Maite
96%
Hombre cojín Vicente
96%
San Quisquilla Berta
91%
La vieja chocha okupa Izaskun
91%
Uno de los creadores del Max & Henry Maxi
91%
El bicho Nines
91%
La barbie Raquel
91%
Doña croqueta Gregoria
87%
La lesbiana Araceli
83%
El hijo de papuchi y la lesbiana Fran
83%
Doctor Ventura Sergio
83%
La abogada de Juidth Rebeca
74%
Primera inquilina de Antonio Cristina
70%
Le gustaba Enrique y era una okupa Maritere
70%
El inmigrante gay Parrales
70%
El travelo Alba Recio
57%
No se encontraron pruebas coincidentes
Distribución de puntuación
Porcentaje de gente con cada puntuación
Porcentaje por número respondido
Historial de tus puntuaciones
No has intentado esta prueba.